Lord of the Mysteries - The Red Priest Pathway - Statistics

General Stats
  • This quiz has been taken 52 times
  • The average score is 8 of 10
Answer Stats
Sequence Number Name of Potion % Correct
Sequence 0 The Red Priest
100%
Sequence 9 Hunter
98%
Sequence 8 Provoker
88%
Sequence 7 Pyromaniac
88%
Sequence 2 Weather Warlock
80%
Sequence 6 Conspirer
73%
Sequence 4 Iron-blooded Knight
71%
Sequence 5 Reaper
71%
Sequence 1 Conqueror
66%
Sequence 3 War Bishop
63%
No matching quizzes found
Score Distribution
Percent of People with Each Score
Percentile by Number Answered
Your Score History
You have not taken this quiz